000 00612nam a2200205Ia 4500
003 OSt
005 20250429092122.0
008 210210b1965 xxu||||| |||| 00| 0 eng d
040 _cAL
041 _aKannada
082 _aK894.301 SHRH
100 _aSHRINIVASA UDUPA.
_dಶ್ರೀನಿವಾಸ ಉಡುಪ
_9209012
245 _aHeggadti hetta devva.
_b ಹೆಗ್ಗಡತಿ ಹೆತ್ತ ದೆವ್ವ
260 _aKinnigoli
_bYugapurusha Prakatanalaya
_c1965
300 _a84
650 _aSanna kategalu
_9209013
690 _aKannada Fiction
_9209014
906 _a026955
942 _2ddc
_cBK
999 _c78258
_d78258